[Event "Jiraskuv memorial A"]
[Site "Rakovnik"]
[Date "2012.08.08"]
[Round "6"]
[White "Haman, Jakub"]
[Black "Wasserbauer, Radek"]
[Result "1-0"]
[WhiteElo "2137"]
[BlackElo "2199"]
[Annotator "Lev,Pavel"]
[PlyCount "79"]
[EventDate "2012.08.??"]
[EventType "swiss"]
[EventRounds "9"]
[EventCountry "CZE"]

1. d4 b6 2. e4 Bb7 3. Nc3 e6 4. Nf3 Bb4 5. Bd3 Nf6 6. Qe2 d5 7. e5 Ne4 8. Bd2
Nxd2 9. Qxd2 c5 10. a3 Ba5 11. O-O Nc6 12. Bb5 a6 13. Bxc6+ Bxc6 14. Qe3 Bxc3
15. Qxc3 Bb5 16. Rfe1 Rc8 17. Qd2 O-O 18. Qf4 h6 19. Re3 Bd7 20. Rae1 Rc7 21.
h4 Bc8 22. c3 a5 23. Rd1 c4 24. Rde1 b5 25. Nh2 f5 26. exf6 Rxf6 27. Qg3 Kh7
28. Rf3 Rcf7 29. Ree3 Qb6 30. Rxf6 gxf6 31. h5 Rg7 32. Qf4 f5 33. Rg3 Qc7 34.
Rxg7+ Qxg7 35. Nf3 Bd7 36. Qd6 Bc8 37. Ne5 Kg8 38. Ng6 Bd7 39. Ne7+ Kf8 40.
Nxf5+ 1-0

[Event "Jiraskuv memorial A"]
[Site "Rakovnik"]
[Date "2012.08.08"]
[Round "6"]
[White "Novy, Daniel"]
[Black "Tejkal, Jiri"]
[Result "1-0"]
[WhiteElo "1991"]
[BlackElo "1929"]
[Annotator "Lev,Pavel"]
[PlyCount "59"]
[EventDate "2012.08.??"]
[EventType "swiss"]
[EventRounds "9"]
[EventCountry "CZE"]

1. e4 c6 2. d4 d5 3. e5 g6 4. Bd3 h5 5. Nf3 Bg4 6. h3 Bxf3 7. Qxf3 e6 8. c3 c5
9. O-O cxd4 10. Bb5+ Nc6 11. cxd4 Nh6 12. Qd3 Nf5 13. Be3 Be7 14. Nd2 O-O 15.
Bxc6 bxc6 16. g4 Rb8 17. Qc2 hxg4 18. hxg4 Nxe3 19. fxe3 Kg7 20. Rf2 c5 21. Nf3
c4 22. Raf1 Rb7 23. e4 dxe4 24. Qxe4 Qd5 25. Qf4 Bd8 26. Rh2 Rh8 27. Rxh8 Kxh8
28. Rf2 g5 29. Nxg5 Bb6 30. Qf6+ 1-0

[Event "Jiraskuv memorial A"]
[Site "Rakovnik"]
[Date "2012.08.08"]
[Round "6"]
[White "Cozl, David"]
[Black "Masek, Jan"]
[Result "1-0"]
[WhiteElo "2044"]
[BlackElo "1949"]
[Annotator "Lev,Pavel"]
[PlyCount "81"]
[EventDate "2012.08.??"]
[EventType "swiss"]
[EventRounds "9"]
[EventCountry "CZE"]

1. c4 Nf6 2. Nc3 e5 3. e4 Nc6 4. d3 Nd4 5. Nf3 d6 6. Nxd4 exd4 7. Ne2 c5 8. g3
Be7 9. Bg2 Bd7 10. O-O Qc8 11. Re1 O-O 12. Bd2 Bc6 13. b4 b6 14. a4 a5 15. b5
Bb7 16. Nf4 Qg4 17. e5 Qxd1 18. Raxd1 dxe5 19. Bxb7 Ra7 20. Nd5 Rxb7 21. Rxe5
Nxd5 22. Rxd5 f6 23. Re1 Kf7 24. f4 g6 25. f5 g5 26. Kg2 Re8 27. Kf3 h5 28. Re6
Bf8 29. Re4 g4+ 30. Kf2 Rxe4 31. dxe4 Re7 32. Rd6 Rxe4 33. Rxb6 d3 34. Rb7+ Kg8
35. Bf4 Re2+ 36. Kf1 Ra2 37. Rd7 Rxa4 38. b6 Rxc4 39. b7 Rb4 40. b8=Q Rxb8 41.
Bxb8 1-0

[Event "Jiraskuv memorial A"]
[Site "Rakovnik"]
[Date "2012.08.08"]
[Round "6"]
[White "Maeder, Juergen"]
[Black "Horyna, Josef"]
[Result "1/2-1/2"]
[WhiteElo "1895"]
[BlackElo "1878"]
[Annotator "Lev,Pavel"]
[PlyCount "66"]
[EventDate "2012.08.??"]
[EventType "swiss"]
[EventRounds "9"]
[EventCountry "CZE"]

1. d4 c6 2. c4 d5 3. Nf3 Nf6 4. e3 e6 5. Bd3 dxc4 6. Bxc4 Bd6 7. O-O O-O 8. b3
Nbd7 9. Bb2 Qc7 10. Nbd2 e5 11. dxe5 Nxe5 12. Nxe5 Bxe5 13. Bxe5 Qxe5 14. Nf3
Qc7 15. Qc2 Bg4 16. Be2 Rad8 17. Rfd1 Rxd1+ 18. Rxd1 Rd8 19. h3 Rxd1+ 20. Qxd1
Bh5 21. Nh4 Bxe2 22. Qxe2 Qe5 23. Nf3 Qd5 24. Qd2 Qxd2 25. Nxd2 Kf8 26. Kf1 Ke7
27. Ke2 Nd5 28. Nb1 a5 29. a3 b5 30. Kd3 Kd6 31. g3 f5 32. f3 Nf6 33. Nd2 Ke6
1/2-1/2

[Event "Jiraskuv memorial A"]
[Site "Rakovnik"]
[Date "2012.08.08"]
[Round "6"]
[White "Kotrba, Matej"]
[Black "Hajsman, Ladislav"]
[Result "1-0"]
[WhiteElo "1961"]
[BlackElo "1767"]
[Annotator "Lev,Pavel"]
[PlyCount "49"]
[EventDate "2012.08.??"]
[EventType "swiss"]
[EventRounds "9"]
[EventCountry "CZE"]

1. e4 c5 2. Nc3 d6 3. f4 Nc6 4. Nf3 e6 5. Bc4 Nf6 6. d3 a6 7. e5 dxe5 8. fxe5
Nd5 9. O-O Nxc3 10. bxc3 Be7 11. Qe1 O-O 12. Qg3 Kh8 13. Bg5 b5 14. Bb3 Qc7 15.
a4 b4 16. cxb4 cxb4 17. d4 Bb7 18. Qh4 Rad8 19. Bxe7 Qxe7 20. Ng5 h6 21. Rf6
Kg8 22. Rxh6 gxh6 23. Qxh6 Qxg5 24. Qxg5+ Kh7 25. Rf1 1-0

[Event "Jiraskuv memorial A"]
[Site "Rakovnik"]
[Date "2012.08.08"]
[Round "6"]
[White "Kovar, Jan"]
[Black "Hansch, Karsten"]
[Result "1/2-1/2"]
[WhiteElo "2028"]
[BlackElo "2019"]
[Annotator "Lev,Pavel"]
[PlyCount "92"]
[EventDate "2012.08.??"]
[EventType "swiss"]
[EventRounds "9"]
[EventCountry "CZE"]

1. d4 Nf6 2. c4 g6 3. Nc3 Bg7 4. e4 d6 5. f3 O-O 6. Be3 c5 7. d5 a6 8. Qd2 b5
9. cxb5 Qa5 10. Nb1 axb5 11. Qxa5 Rxa5 12. Nd2 Nfd7 13. Nb3 Ra8 14. Bxb5 Bxb2
15. Rb1 Rxa2 16. Ne2 Ba6 17. Bxa6 Nxa6 18. Bc1 Bf6 19. Nd2 Nb4 20. O-O Nd3 21.
Rd1 N7e5 22. Kf1 Rfa8 23. Nb3 Nxc1 24. Nexc1 R2a7 25. Nd2 Bg5 26. Ne2 Bxd2 27.
Rxd2 Nc4 28. Rd3 Ra1 29. Rxa1 Rxa1+ 30. Kf2 Nb2 31. Rb3 Nd1+ 32. Kg3 c4 33.
Rb8+ Kg7 34. Rc8 Ra2 35. Nd4 Ne3 36. h4 h6 37. f4 Kf6 38. Rc6 Kg7 39. Rc7 Rd2
40. Nb5 Rd3 41. Kf2 Nd1+ 42. Ke2 Nc3+ 43. Nxc3 Rxc3 44. Rxe7 Rc2+ 45. Kf3 Rc3+
46. Ke2 Rc2+ 1/2-1/2

[Event "Jiraskuv memorial A"]
[Site "Rakovnik"]
[Date "2012.08.09"]
[Round "7"]
[White "Wasserbauer, Radek"]
[Black "Simecek, Bohumil"]
[Result "1/2-1/2"]
[WhiteElo "2199"]
[BlackElo "2111"]
[Annotator "Lev,Pavel"]
[PlyCount "25"]
[EventDate "2012.08.??"]
[EventType "swiss"]
[EventRounds "9"]
[EventCountry "CZE"]

1. Nf3 d5 2. g3 c6 3. Bg2 Nf6 4. O-O Bf5 5. d4 h6 6. Nbd2 e6 7. c4 Be7 8. Ne5
Nbd7 9. Ndf3 Nxe5 10. Nxe5 O-O 11. e3 Nd7 12. Nxd7 Qxd7 13. Qb3 1/2-1/2

[Event "Jiraskuv memorial A"]
[Site "Rakovnik"]
[Date "2012.08.09"]
[Round "7"]
[White "Kozlovsky, Libor"]
[Black "Novak, Jindrich"]
[Result "1/2-1/2"]
[WhiteElo "2015"]
[BlackElo "2041"]
[Annotator "Lev,Pavel"]
[PlyCount "113"]
[EventDate "2012.08.??"]
[EventType "swiss"]
[EventRounds "9"]
[EventCountry "CZE"]

1. d4 Nc6 2. e4 e5 3. Nf3 exd4 4. Bc4 Be7 5. Nxd4 Nxd4 6. Qxd4 Bf6 7. Qd3 d6 8.
Nc3 Ne7 9. O-O O-O 10. Be3 Nc6 11. Qd2 Ne5 12. Bb3 Be6 13. Nd5 Ng4 14. Nxf6+
Qxf6 15. Bd4 Qh6 16. Qxh6 Nxh6 17. c4 b6 18. f4 f6 19. h3 a5 20. Rfc1 Nf7 21.
Ba4 Rad8 22. Rc3 Bd7 23. Bc2 Rfe8 24. Re3 Bc6 25. Rae1 Re7 26. Bc3 Rde8 27. Kf2
Nd8 28. e5 fxe5 29. fxe5 d5 30. Bb3 a4 31. Bd1 dxc4 32. Bh5 g6 33. e6 Rxe6 34.
Bg4 Rxe3 35. Rxe3 Rxe3 36. Kxe3 Bxg2 37. Be5 b5 38. Bxc7 Nc6 39. a3 Kf7 40. Bd6
Ne7 41. Kd4 Bf1 42. Kc5 Nf5 43. Be5 h5 44. Bxf5 gxf5 45. h4 Ke6 46. Bf4 Kd7 47.
Bg3 Kc8 48. Bf4 Kd7 49. Bg3 Ke7 50. Be5 Ke6 51. Bf4 Be2 52. Bg3 f4 53. Bxf4 Kf5
54. Bg5 Ke4 55. Kb4 Kd4 56. Bf6+ Kd5 57. Bc3 1/2-1/2

[Event "Jiraskuv memorial A"]
[Site "Rakovnik"]
[Date "2012.08.09"]
[Round "7"]
[White "Hadzala, Daniel"]
[Black "Haman, Jakub"]
[Result "0-1"]
[WhiteElo "2127"]
[BlackElo "2137"]
[Annotator "Lev,Pavel"]
[PlyCount "48"]
[EventDate "2012.08.??"]
[EventType "swiss"]
[EventRounds "9"]
[EventCountry "CZE"]

1. Nf3 c5 2. g3 Nc6 3. Bg2 g6 4. O-O Bg7 5. c3 Nf6 6. Qc2 O-O 7. d3 d6 8. a4 h6
9. e4 Kh7 10. Re1 e5 11. Na3 Be6 12. Bd2 Na5 13. b4 cxb4 14. cxb4 Nb3 15. Rab1
Nxd2 16. Nxd2 Rc8 17. Qb2 d5 18. Nb3 b6 19. Rbc1 Qd7 20. b5 h5 21. Rxc8 Rxc8
22. Nc2 dxe4 23. dxe4 Bxb3 24. Qxb3 Qd2 0-1

[Event "Jiraskuv memorial A"]
[Site "Rakovnik"]
[Date "2012.08.09"]
[Round "7"]
[White "Tejkal, Jiri"]
[Black "Volek, Stanislav"]
[Result "1/2-1/2"]
[WhiteElo "1929"]
[BlackElo "1861"]
[Annotator "Lev,Pavel"]
[PlyCount "54"]
[EventDate "2012.08.??"]
[EventType "swiss"]
[EventRounds "9"]
[EventCountry "CZE"]

1. d4 e6 2. c4 Nf6 3. Nc3 Bb4 4. Qc2 c5 5. Nf3 Nc6 6. e3 d5 7. dxc5 Bxc5 8. a3
dxc4 9. Bxc4 a6 10. b4 Bd6 11. Bb2 Ne5 12. Be2 O-O 13. Rc1 Bd7 14. Nxe5 Bxe5
15. Bf3 Qb6 16. Nd5 Nxd5 17. Bxe5 Rac8 18. Qd2 Rxc1+ 19. Qxc1 Rc8 20. Qd2 Bb5
21. Qb2 Qc6 22. Be4 Qc4 23. f3 f5 24. Bb1 Nc3 25. Kf2 Nxb1 26. Rxb1 Qc2+ 27.
Qxc2 Rxc2+ 1/2-1/2

[Event "Jiraskuv memorial A"]
[Site "Rakovnik"]
[Date "2012.08.09"]
[Round "7"]
[White "Nemec, David"]
[Black "Cozl, David"]
[Result "1-0"]
[WhiteElo "2017"]
[BlackElo "2044"]
[Annotator "Lev,Pavel"]
[PlyCount "63"]
[EventDate "2012.08.??"]
[EventType "swiss"]
[EventRounds "9"]
[EventCountry "CZE"]

1. e4 c6 2. d4 d5 3. Nc3 dxe4 4. Nxe4 Bf5 5. Ng3 Bg6 6. Nf3 Nd7 7. h4 h6 8. h5
Bh7 9. Bd3 Bxd3 10. Qxd3 e6 11. Bf4 Ngf6 12. O-O-O Qa5 13. Kb1 Be7 14. Ne5 O-O
15. Nxd7 Nxd7 16. Ne4 Nf6 17. Qe2 Nxe4 18. Qxe4 Rad8 19. g4 Qd5 20. Qe2 Rd7 21.
c4 Qa5 22. Bd2 Bb4 23. Bxb4 Qxb4 24. g5 hxg5 25. h6 g6 26. Qe5 f6 27. Qxe6+
Rdf7 28. h7+ Kh8 29. Rde1 Qd2 30. d5 Qd3+ 31. Ka1 Qxc4 32. Qxf7 1-0

[Event "Jiraskuv memorial A"]
[Site "Rakovnik"]
[Date "2012.08.09"]
[Round "7"]
[White "Hajsman, Ladislav"]
[Black "Hinz, Frantisek"]
[Result "1-0"]
[WhiteElo "1767"]
[BlackElo "1902"]
[Annotator "Lev,Pavel"]
[PlyCount "67"]
[EventDate "2012.08.??"]
[EventType "swiss"]
[EventRounds "9"]
[EventCountry "CZE"]

1. d4 d5 2. c4 c6 3. Nf3 Nf6 4. Nc3 a6 5. a4 e6 6. e3 Nbd7 7. Bd3 dxc4 8. Bxc4
Bb4 9. O-O O-O 10. Qc2 b6 11. e4 Re8 12. e5 Nd5 13. Ne4 Qc7 14. Nfg5 Nf8 15. f4
h6 16. Nf3 Ra7 17. g4 Be7 18. g5 h5 19. Qg2 Kh8 20. Qh3 g6 21. Nf6 Rd8 22. Nd2
c5 23. Nde4 Nh7 24. Be2 Ndxf6 25. gxf6 Rxd4 26. fxe7 Qxe7 27. Nc3 Bb7 28. Be3
Rb4 29. Rad1 Rxb2 30. Rd6 Rc2 31. Bf2 Ra8 32. Qd3 Ng5 33. h4 Nh3+ 34. Qxh3 1-0

[Event "Jiraskuv memorial A"]
[Site "Rakovnik"]
[Date "2012.08.09"]
[Round "7"]
[White "Hansch, Karsten"]
[Black "Misicko, Jan"]
[Result "1-0"]
[WhiteElo "2019"]
[BlackElo "2045"]
[Annotator "Lev,Pavel"]
[PlyCount "74"]
[EventDate "2012.08.??"]
[EventType "swiss"]
[EventRounds "9"]
[EventCountry "CZE"]

1. c4 c5 2. g3 Nf6 3. Bg2 d5 4. cxd5 Nxd5 5. Nc3 Nc7 6. Nf3 Nc6 7. O-O e5 8. a3
Be7 9. b4 a6 10. Bb2 f6 11. bxc5 Bxc5 12. e3 O-O 13. Na4 Ba7 14. d4 exd4 15.
Nxd4 Nxd4 16. Bxd4 Bxd4 17. exd4 Rb8 18. Nb6 Nb5 19. Nxc8 Qxc8 20. Qh5 Qd7 21.
Rfd1 Rfd8 22. Bh3 Qf7 23. Qxf7+ Kxf7 24. d5 Nd6 25. Be6+ Kf8 26. Rac1 b5 27.
Rc7 a5 28. Rb1 b4 29. axb4 axb4 30. Kg2 Rb6 31. Rb3 Rdb8 32. Rd7 h6 33. h4 Ra8
34. g4 Ra3 35. Rb1 b3 36. Rc1 b2 37. Rcc7 Ra1 1-0

[Event "Jiraskuv memorial A"]
[Site "Rakovnik"]
[Date "2012.08.09"]
[Round "7"]
[White "Horyna, Josef"]
[Black "Lavrincik, Pavel"]
[Result "0-1"]
[WhiteElo "1878"]
[BlackElo "1898"]
[Annotator "Lev,Pavel"]
[PlyCount "106"]
[EventDate "2012.08.??"]
[EventType "swiss"]
[EventRounds "9"]
[EventCountry "CZE"]

1. d4 d6 2. g3 Nf6 3. Bg2 g6 4. e4 Nbd7 5. Ne2 e5 6. c3 Bg7 7. O-O O-O 8. h3
Ne8 9. Qb3 Nb6 10. a4 a5 11. Be3 Kh8 12. dxe5 Be6 13. Qc2 Nc4 14. exd6 Nxe3 15.
fxe3 Nxd6 16. Na3 Qg5 17. Rf3 Qe5 18. Nf4 Bd7 19. Rd1 Bc6 20. Rf2 Nxe4 21. Bxe4
Bxe4 22. Qe2 Bc6 23. Nb5 Qe4 24. Rh2 Be5 25. b3 Rad8 26. Nd4 Bd7 27. Qd3 Qxd3
28. Rxd3 c5 29. Nf3 Bxf4 30. exf4 Be6 31. Rxd8 Rxd8 32. Rd2 Rxd2 33. Nxd2 Bxh3
34. Nc4 Be6 35. Nxa5 b6 36. Nb7 Bd5 37. Nd6 Bxb3 38. Nc8 Bxa4 39. Nxb6 Bb5 40.
Kf2 Kg7 41. Ke3 Kf6 42. Nd5+ Kf5 43. Nc7 Bc4 44. Na8 Kg4 45. Nb6 Be6 46. Kf2 h5
47. Na4 c4 48. Nc5 h4 49. gxh4 Kxf4 50. Nb7 Bd5 51. Nd6 Kg4 52. Ne8 Kxh4 53.
Nf6 Be6 0-1

[Event "Jiraskuv memorial A"]
[Site "Rakovnik"]
[Date "2012.08.09"]
[Round "7"]
[White "Trnka, Miroslav"]
[Black "Novy, Daniel"]
[Result "1/2-1/2"]
[WhiteElo "2012"]
[BlackElo "1991"]
[Annotator "Lev,Pavel"]
[PlyCount "116"]
[EventDate "2012.08.??"]
[EventType "swiss"]
[EventRounds "9"]
[EventCountry "CZE"]

1. d4 Nf6 2. c4 g6 3. Nc3 Bg7 4. e4 d6 5. Nf3 O-O 6. Be2 e5 7. O-O Nc6 8. d5
Ne7 9. Ne1 Nd7 10. Nd3 f5 11. Rb1 f4 12. b4 Nf6 13. g4 fxg3 14. fxg3 Bh3 15.
Re1 Qd7 16. Nf2 Rf7 17. Nxh3 Qxh3 18. Rb2 Raf8 19. Bf1 Qd7 20. Rf2 h6 21. Bg2
g5 22. h3 Ng6 23. Ref1 a6 24. Be3 g4 25. hxg4 Qxg4 26. Qxg4 Nxg4 27. Rxf7 Rxf7
28. Rxf7 Kxf7 29. Ba7 Ke7 30. Bh3 Nf6 31. Bc8 b6 32. Bxa6 h5 33. c5 dxc5 34.
bxc5 Bh6 35. cxb6 Be3+ 36. Kg2 cxb6 37. Kf3 Bd2 38. Na4 h4 39. Bxb6 hxg3 40.
Bc5+ Kd8 41. Bf1 Bf4 42. Bd3 Nh4+ 43. Ke2 Ng4 44. Bb6+ Ke7 45. Bc5+ Kd8 46. Bg1
g2 47. Nc5 Be3 48. Ne6+ Ke7 49. Bxe3 Nxe3 50. Kf2 Nf3 51. Kxe3 g1=Q+ 52. Kxf3
Qh1+ 53. Ke3 Qh3+ 54. Kd2 Qg2+ 55. Ke3 Qxa2 56. Ng7 Kd8 57. Nf5 Qg2 58. Be2
Qg1+ 1/2-1/2

[Event "Jiraskuv memorial A"]
[Site "Rakovnik"]
[Date "2012.08.09"]
[Round "7"]
[White "Rous, Daniel"]
[Black "Kotrba, Matej"]
[Result "1-0"]
[WhiteElo "1981"]
[BlackElo "1961"]
[Annotator "Lev,Pavel"]
[PlyCount "135"]
[EventDate "2012.08.??"]
[EventType "swiss"]
[EventRounds "9"]
[EventCountry "CZE"]

1. Nf3 Nf6 2. d4 d5 3. c4 e6 4. Nc3 c6 5. Bg5 dxc4 6. e4 b5 7. e5 h6 8. Bh4 g5
9. Nxg5 hxg5 10. Bxg5 Nbd7 11. exf6 Bb7 12. g3 Qb6 13. Bg2 O-O-O 14. O-O Bh6
15. Ne4 c5 16. Bxh6 Rxh6 17. Qd2 Rh5 18. Rad1 Bxe4 19. Bxe4 Nxf6 20. Qe2 cxd4
21. a4 Qc5 22. Bg2 Rh7 23. axb5 d3 24. Qf3 Nd5 25. Qe4 Rdh8 26. Rc1 Nb6 27.
Qxd3 Rxh2 28. Qe3 Qf5 29. b3 Rh1+ 30. Bxh1 Qh5 31. Bb7+ Kb8 32. Qf4+ Kxb7 33.
Qe4+ Nd5 34. Qh4 cxb3 35. Qxh5 Rxh5 36. Rb1 Nc7 37. Rxb3 Rxb5 38. Rf3 f5 39.
Ra1 a6 40. Rfa3 Rc5 41. Kg2 Rc4 42. Ra5 Kb6 43. Kf3 Kc6 44. Ke3 Rc2 45. R1a2
Rc4 46. R5a4 Rc1 47. Kf4 Kd7 48. Rd2+ Kc6 49. Ke5 Rc5+ 50. Kf6 Kb5 51. Raa2 Kb6
52. Rab2+ Kc6 53. f3 Rc4 54. Rbc2 Rxc2 55. Rxc2+ Kd7 56. Ke5 Ne8 57. g4 fxg4
58. fxg4 Ke7 59. Rc6 Kf7 60. Rxe6 a5 61. Ra6 Ng7 62. Rxa5 Kg6 63. Ra7 Ne8 64.
Kf4 Nf6 65. Ra6 Kg7 66. Kf5 Ng8 67. Kg5 Kh8 68. Ra7 1-0

[Event "Jiraskuv memorial A"]
[Site "Rakovnik"]
[Date "2012.08.09"]
[Round "7"]
[White "Masek, Jan"]
[Black "Maeder, Juergen"]
[Result "1-0"]
[WhiteElo "1949"]
[BlackElo "1895"]
[Annotator "Lev,Pavel"]
[PlyCount "54"]
[EventDate "2012.08.??"]
[EventType "swiss"]
[EventRounds "9"]
[EventCountry "CZE"]

1. e4 c5 2. Bc4 e6 3. Qe2 Nc6 4. Nf3 Be7 5. c3 d5 6. Bb5 Bd7 7. e5 a6 8. Bd3 c4
9. Bc2 Bc5 10. b4 cxb3 11. axb3 Qc7 12. d4 Be7 13. O-O Rc8 14. Bd3 Qb6 15. Nbd2
Nh6 16. b4 Nf5 17. Nb3 O-O 18. g4 Nh4 19. Nxh4 Bxh4 20. g5 g6 21. Qg4 Bxf2+ 22.
Rxf2 Nxe5 23. dxe5 Rxc3 24. Nc5 Bb5 25. Bxb5 Qxb5 26. Bd2 Rc4 27. Qf3 Qc6 1-0

[Event "Jiraskuv memorial A"]
[Site "Rakovnik"]
[Date "2012.08.09"]
[Round "7"]
[White "Hansch, Stephan"]
[Black "Kovar, Jan"]
[Result "1-0"]
[WhiteElo "1920"]
[BlackElo "2028"]
[Annotator "Lev,Pavel"]
[PlyCount "83"]
[EventDate "2012.08.??"]
[EventType "swiss"]
[EventRounds "9"]
[EventCountry "CZE"]

1. d4 d5 2. c4 e6 3. Nf3 Nf6 4. g3 c6 5. Bg2 Nbd7 6. O-O Bd6 7. Nbd2 O-O 8. b3
Ne4 9. Nxe4 dxe4 10. Ng5 e3 11. Bxe3 h6 12. Ne4 Be7 13. Bf4 f5 14. Nc3 g5 15.
Bc1 Nf6 16. Bb2 Qc7 17. e4 f4 18. e5 Nd7 19. Qd3 Kg7 20. c5 Qd8 21. Qc4 Qe8 22.
Bh3 b5 23. Qd3 Qh5 24. g4 Qh4 25. Qf3 b4 26. Ne4 Ba6 27. Rfe1 Rh8 28. Bg2 h5
29. gxh5 Rxh5 30. h3 Bb5 31. Nd6 Bxd6 32. exd6 Kf7 33. Rxe6 Kxe6 34. Qe4+ Kf7
35. Qe7+ Kg8 36. Qxd7 Rh7 37. Qe6+ Rf7 38. Be4 Qh8 39. Bg6 Qf6 40. d5 Qxe6 41.
dxe6 Rb7 42. e7 1-0

[Event "Jiraskuv memorial A"]
[Site "Rakovnik"]
[Date "2012.08.09"]
[Round "7"]
[White "Cap, Adam"]
[Black "Hansch, Torsten"]
[Result "1-0"]
[WhiteElo "2074"]
[BlackElo "2080"]
[Annotator "Lev,Pavel"]
[PlyCount "49"]
[EventDate "2012.08.??"]
[EventType "swiss"]
[EventRounds "9"]
[EventCountry "CZE"]

1. e4 c5 2. Nf3 d6 3. d4 cxd4 4. Nxd4 Nf6 5. Nc3 a6 6. Be3 e5 7. Nb3 Be6 8. Qd2
Nbd7 9. f3 Be7 10. g4 O-O 11. O-O-O b5 12. g5 Nh5 13. Nd5 Bxd5 14. exd5 Nf4 15.
h4 f6 16. Bxf4 exf4 17. Nd4 fxg5 18. Ne6 Qb6 19. hxg5 Rf7 20. g6 Rf6 21. Rxh7
Rxg6 22. Bd3 Rg1 23. Rh8+ Kxh8 24. Qh2+ Kg8 25. Rxg1 1-0

[Event "Jiraskuv memorial A"]
[Site "Rakovnik"]
[Date "2012.08.09"]
[Round "7"]
[White "Sibl, Vaclav"]
[Black "Dungl, Petr"]
[Result "1/2-1/2"]
[WhiteElo "1961"]
[BlackElo "1861"]
[Annotator "Lev,Pavel"]
[PlyCount "32"]
[EventDate "2012.08.??"]
[EventType "swiss"]
[EventRounds "9"]
[EventCountry "CZE"]

1. d4 Nf6 2. Bf4 e6 3. e3 c5 4. c3 Nc6 5. Nf3 d5 6. Nbd2 Be7 7. Bd3 O-O 8. Ne5
Qb6 9. Rb1 cxd4 10. exd4 Re8 11. O-O Bf8 12. Qf3 Nxe5 13. Bxe5 Nd7 14. Qh3 g6
15. Bf4 e5 16. Qe3 e4 1/2-1/2

[Event "Jiraskuv memorial A"]
[Site "Rakovnik"]
[Date "2012.08.10"]
[Round "8"]
[White "Trnka, Miroslav"]
[Black "Hajsman, Ladislav"]
[Result "1/2-1/2"]
[WhiteElo "2012"]
[BlackElo "1767"]
[Annotator "Lev,Pavel"]
[PlyCount "122"]
[EventDate "2012.08.??"]
[EventType "swiss"]
[EventRounds "9"]
[EventCountry "CZE"]

1. d4 d5 2. c4 e6 3. Nc3 Nf6 4. Bg5 Be7 5. e3 O-O 6. Nf3 Nbd7 7. Rc1 c6 8. Qc2
h6 9. Bh4 Re8 10. Be2 dxc4 11. Bxc4 Nd5 12. Bg3 N7f6 13. O-O Bd6 14. e4 Nxc3
15. bxc3 Bxg3 16. hxg3 c5 17. Rfd1 Qc7 18. Ne5 b6 19. Bb5 Rf8 20. Be2 Bb7 21.
f3 Rac8 22. Qb2 Rfd8 23. Kf2 Qe7 24. Nc4 cxd4 25. cxd4 Ba6 26. Ne5 Rxc1 27.
Rxc1 Bb7 28. Nc6 Bxc6 29. Rxc6 Qd7 30. Rc4 Rc8 31. Qc3 Rxc4 32. Qxc4 Kh7 33. g4
Qe7 34. Qc3 Qd8 35. Bb5 Qb8 36. g3 Qd8 37. a4 Kg8 38. Ke3 Qb8 39. Kf2 Qd8 40.
Be2 Qb8 41. Qc6 Qd8 42. Ke3 Qd7 43. Qa8+ Kh7 44. Bd3 g6 45. Qf8 Qc7 46. Bc4
Qxc4 47. Qxf7+ Kh8 48. Qxf6+ Kh7 49. Qf7+ Kh8 50. Qxa7 Qc3+ 51. Kf4 Qxd4 52.
Qb8+ Kh7 53. Qc7+ Kg8 54. g5 h5 55. g4 e5+ 56. Qxe5 Qd2+ 57. Kg3 Qe1+ 58. Kg2
Qe2+ 59. Kg1 Qe1+ 60. Kg2 Qe2+ 61. Kg3 Qe1+ 1/2-1/2

[Event "Jiraskuv memorial A"]
[Site "Rakovnik"]
[Date "2012.08.10"]
[Round "8"]
[White "Volek, Stanislav"]
[Black "Maeder, Juergen"]
[Result "1/2-1/2"]
[WhiteElo "1861"]
[BlackElo "1895"]
[Annotator "Lev,Pavel"]
[PlyCount "33"]
[EventDate "2012.08.??"]
[EventType "swiss"]
[EventRounds "9"]
[EventCountry "CZE"]

1. d4 Nf6 2. Nf3 g6 3. c3 Bg7 4. Bf4 d6 5. Nbd2 Bf5 6. e3 c6 7. Be2 Nbd7 8. O-O
Nb6 9. h3 h6 10. g4 Be4 11. Nxe4 Nxe4 12. Nd2 Nxd2 13. Qxd2 O-O 14. e4 g5 15.
Be3 e5 16. Rad1 Bf6 17. f3 1/2-1/2

[Event "Jiraskuv memorial A"]
[Site "Rakovnik"]
[Date "2012.08.10"]
[Round "8"]
[White "Hadzala, Daniel"]
[Black "Cap, Adam"]
[Result "1-0"]
[WhiteElo "2127"]
[BlackElo "2074"]
[Annotator "Lev,Pavel"]
[PlyCount "45"]
[EventDate "2012.08.??"]
[EventType "swiss"]
[EventRounds "9"]
[EventCountry "CZE"]

1. d4 Nf6 2. c4 g6 3. Nc3 Bg7 4. e4 d6 5. f4 O-O 6. Nf3 c5 7. d5 e6 8. Be2 exd5
9. e5 dxe5 10. fxe5 Ng4 11. Bg5 Qa5 12. cxd5 Nxe5 13. O-O Nbd7 14. Be7 Re8 15.
d6 Nxf3+ 16. Bxf3 Bxc3 17. bxc3 Qxc3 18. Bd5 Ne5 19. Qa4 Bd7 20. Bxf7+ Nxf7 21.
Qxd7 Qe3+ 22. Kh1 c4 23. Rxf7 1-0

[Event "Jiraskuv memorial A"]
[Site "Rakovnik"]
[Date "2012.08.10"]
[Round "8"]
[White "Lavrincik, Pavel"]
[Black "Kotrba, Matej"]
[Result "0-1"]
[WhiteElo "1898"]
[BlackElo "1961"]
[Annotator "Lev,Pavel"]
[PlyCount "58"]
[EventDate "2012.08.??"]
[EventType "swiss"]
[EventRounds "9"]
[EventCountry "CZE"]

1. c4 Nf6 2. Nc3 c6 3. Nf3 d5 4. cxd5 cxd5 5. d4 Bf5 6. e3 e6 7. Bd3 Bg6 8. O-O
a6 9. Ne5 Nfd7 10. Nxg6 hxg6 11. e4 dxe4 12. Bxe4 Nf6 13. Bxb7 Qc8 14. g3 Qxb7
15. Re1 Be7 16. Qe2 O-O 17. Be3 Nbd7 18. Rad1 Nd5 19. Bc1 N7f6 20. h4 Rfc8 21.
Ne4 Qb5 22. Qf3 Nxe4 23. Rxe4 Rc2 24. h5 gxh5 25. Re5 Bf6 26. Rxh5 Qe2 27. Kg2
Qxf3+ 28. Kxf3 Rac8 29. Rdh1 g6 0-1

[Event "Jiraskuv memorial A"]
[Site "Rakovnik"]
[Date "2012.08.10"]
[Round "8"]
[White "Hinz, Frantisek"]
[Black "Horyna, Josef"]
[Result "1-0"]
[WhiteElo "1902"]
[BlackElo "1878"]
[Annotator "Lev,Pavel"]
[PlyCount "169"]
[EventDate "2012.08.??"]
[EventType "swiss"]
[EventRounds "9"]
[EventCountry "CZE"]

1. d4 d5 2. Nf3 Nf6 3. c4 c6 4. Nc3 e6 5. Qc2 Bd6 6. Bg5 Nbd7 7. e3 h6 8. Bh4
Qa5 9. Be2 Ne4 10. O-O Nxc3 11. bxc3 dxc4 12. Bxc4 O-O 13. e4 e5 14. Rad1 exd4
15. cxd4 Nb6 16. Bb3 Bg4 17. Rd3 Qh5 18. Bg3 Bxg3 19. fxg3 Be6 20. Ne5 Bxb3 21.
Qxb3 c5 22. Qc2 Qg5 23. Qxc5 Rac8 24. Qa3 Nc4 25. Nxc4 Rxc4 26. e5 Qg4 27. d5
Ra4 28. Qb3 Rb4 29. Qc3 Rc8 30. Qd2 Rbc4 31. Qf2 Qg6 32. Rd2 Rc2 33. d6 Rxd2
34. Qxd2 Rc2 35. Qd5 Qe6 36. Qxb7 Qxe5 37. d7 Qd4+ 38. Kh1 Rd2 39. d8=Q+ Qxd8
40. Qxf7+ Kh8 41. Qxa7 Qd5 42. Qb8+ Kh7 43. Qb1+ g6 44. Rg1 Rxa2 45. h4 Kg7 46.
Qb8 h5 47. Qc7+ Kg8 48. Qe7 Rd2 49. Qe8+ Kg7 50. Qc8 Rd3 51. Kh2 Qd6 52. Qh3
Rd2 53. Rf1 Qd3 54. Rf3 Qe4 55. Rf4 Qe7 56. g4 Qd6 57. Qg3 Rd3 58. Rf3 Qxg3+
59. Kxg3 Rd4 60. g5 Rg4+ 61. Kh3 Ra4 62. Rf2 Ra3+ 63. g3 Rb3 64. Kg2 Ra3 65.
Re2 Kf7 66. Kf2 Rb3 67. Re3 Rb1 68. Ra3 Rb4 69. Kf3 Rc4 70. Re3 Ra4 71. Re4
Ra3+ 72. Kf4 Rb3 73. Rc4 Rb5 74. Rc7+ Kg8 75. Rd7 Rf5+ 76. Ke4 Ra5 77. Rd5 Ra3
78. Ke5 Kf7 79. Rd7+ Ke8 80. Rb7 Rxg3 81. Kf6 Rg4 82. Kxg6 Rxh4 83. Kh7 Rg4 84.
g6 h4 85. g7 1-0